000 00213nam a2200109Ia 4500
100 _a#N/A
942 _cBK
245 _aFedora 14; Opera 10.1 BETA for Andriod
260 _b#N/A
546 _aENGLISH
999 _c32005
_d32005